Southville International School and Colleges
Your cart is empty.
  • Cart
  • Lists
    Public lists Eva Luna New books Lux_list list_1
    Your lists Log in to create your own lists
  • Log in to your account
  • Your cookies
  • Search history
Southville International School and Colleges
  • Advanced search
  • Recent comments
  • Most popular
  • Libraries

Log in to your account

Log in with GOOGLE


If you do not have an external account, but do have a local account, you can still log in:

  1. Home
  2. MARC view: Teddy goes to school /
Normal view MARC view ISBD view

Teddy goes to school / (Record no. 113738)

[ view plain ]
MARC details
000 -LEADER
fixed length control field 00550nam a2200205 a 4500
001 - CONTROL NUMBER
control field 3385
005 - DATE AND TIME OF LATEST TRANSACTION
control field 20140414132037.0
008 - FIXED-LENGTH DATA ELEMENTS--GENERAL INFORMATION
fixed length control field 040601s19uu xx 00 eng d
020 ## - INTERNATIONAL STANDARD BOOK NUMBER
International Standard Book Number 0-7097-0647-2
050 ## - LIBRARY OF CONGRESS CALL NUMBER
Classification number TR
Item number T256 1988
100 ## - MAIN ENTRY--PERSONAL NAME
Personal name Spurgeon, Maureen
245 ## - TITLE STATEMENT
Title Teddy goes to school /
Statement of responsibility, etc text by Maureen Spurgeon.
260 ## - PUBLICATION, DISTRIBUTION, ETC. (IMPRINT)
Place of publication, distribution, etc England :
Name of publisher, distributor, etc Brown Watson,
Date of publication, distribution, etc 1988.
300 ## - PHYSICAL DESCRIPTION
Extent 1 v. (unp.) : ill. ; cm.
500 ## - GENERAL NOTE
General note TR/PS
650 ## - SUBJECT ADDED ENTRY--TOPICAL TERM
Topical term or geographic name as entry element Schools--Fiction.
650 ## - SUBJECT ADDED ENTRY--TOPICAL TERM
Topical term or geographic name as entry element Bears--Fiction.
650 ## - SUBJECT ADDED ENTRY--TOPICAL TERM
Topical term or geographic name as entry element Children stories.
Holdings
Withdrawn status Lost status Damaged status Use restrictions Home library Current library Shelving location Date acquired Source of acquisition Total Checkouts Full call number Barcode Date last seen Price effective from Koha item type
        Munich Library Munich Library Teachers Reference Section 06/01/2004     TR T256 1988 M5365 04/14/2014 04/14/2014 Books

Teddy goes to school /

APA

Spurgeon M., . (1988). Teddy goes to school. England: Brown Watson.

Chicago

Spurgeon Maureen, . 1988. Teddy goes to school. England: Brown Watson.

Harvard

Spurgeon M., . (1988). Teddy goes to school. England: Brown Watson.

MLA

Spurgeon Maureen, . Teddy goes to school. England: Brown Watson. 1988.

  • Place hold
  • Print
  • Cite
  • Add to your cart (remove)
  • Save record
    BIBTEX Dublin Core MARCXML MARC (non-Unicode/MARC-8) MARC (Unicode/UTF-8) MARC (Unicode/UTF-8, Standard) MODS (XML) RIS
  • More searches
    Search for this title in:
    Other Libraries (WorldCat) Other Databases (Google Scholar) Online Stores (Bookfinder.com) Open Library (openlibrary.org)

Exporting to Dublin Core...

SOUTHVILLE LIBRARY

Southville International School and Colleges Library

1281 Tropical Ave. Cor. Luxembourg St., BF Homes International, Las Pinas City

Tel. No. 8256374 / 252358 Loc. 117/146

Powered by Koha